Možnosti zvýšenia efektívnosti účinnosti práce výskumno-vývojového pracoviska Slovenských škrobární a liehovarov, š.p., Trnava uplatňovaním chozrasčotného princípu hospodárenia záverečná práca postgraduálneho štúdia

Salvato in:
Dettagli Bibliografici
Autore principale: Šišková, Jana
Ente Autore: Vysoká škola ekonomická v Bratislave
Altri autori: Jarůšek, František
Natura: Libro
Lingua:slovacco
Pubblicazione: Bratislava 1989
Tags: Aggiungi Tag
Nessun Tag, puoi essere il primo ad aggiungerne!!

MARC

LEADER 00000nam a2200000 4500
001 c030094
005 20221215070931.1
041 0 |a slo 
044 |a SK 
245 1 0 |a Možnosti zvýšenia efektívnosti účinnosti práce výskumno-vývojového pracoviska Slovenských škrobární a liehovarov, š.p., Trnava uplatňovaním chozrasčotného princípu hospodárenia  |b záverečná práca postgraduálneho štúdia  |c Jana Šišková ; ved. práce František Jarůšek 
264 1 |a Bratislava  |c 1989 
300 |a 44 s. 
100 1 |a Šišková, Jana 
700 1 |a Jarůšek, František 
710 2 |a Vysoká škola ekonomická v Bratislave